000 00777nam a22002177a 4500
999 _c12567
_d12567
003 AR-CdUCM
008 190409b ||||| |||| 00| 0 spa d
040 _aMUNICIPALIDAD PROVINCIAL DEL CUSCO
_cBIBLIOTECA MUNICIPAL DEL CUSCO
082 _aC / 777 /
_bP83M / 1979
100 _aPorcel Esquivel, Santiago
_930456
245 _aInquietudes de un profesor con 30 años de servicio en la docencia /
260 _aSicuani.
_b[sn],
_c1979.
300 _a21 páginas. :
_c21 cm.
500 _aLibro sin numeración
505 _aContenido :La ciencia pedagógica en la practica --En serie y en broma --Anecdotario pedagógico ...
650 _aPedagogía
_91560
650 _aDocencia
_930457
650 _aSiglo XX
_947579
942 _2ddc
_cLIBROS
945 _arjall
_d2019-04-09